| 000 | 00780nam a22002654a 4500 | ||
|---|---|---|---|
| 001 | UByD004199 | ||
| 003 | AR-LpoUNG | ||
| 005 | 20260108122642.0 | ||
| 008 | 250922s2023 ag gr 000 f spa d | ||
| 020 | _a9789873633379 | ||
| 040 |
_aAR-LpoUNG _bspa _cAR-LpoUNG _eaacr |
||
| 041 | 0 | _aspa | |
| 082 | 0 | _aA863 83mej | |
| 100 | 1 | _aEtchebarne, Magalí | |
| 245 | 1 | 4 | _aLos mejores días |
| 250 | _a1ra. ed. | ||
| 260 |
_aBuenos Aires : _bTenemos las Máquinas, _c2023. |
||
| 300 | _a107 p. | ||
| 490 | 0 | _aIdentidades bonaerenses | |
| 650 | 4 | _aLiteratura argentina | |
| 650 | 4 | _aNovelas | |
| 650 | 4 | _aNarrativa | |
| 942 |
_2ddc _cLIB |
||
| 999 |
_c67190 _d67190 |
||